000 00568nam a2200205Ia 4500
005 20250326144933.0
008 250326s9999 xx 000 0 und d
020 _a0-13-032811-1
037 _aTextbook
040 _aFMSL
_beng
_cFMSL
041 _aeng
_2eng
084 _aX:8D P2
_qFMSL
100 _aDorfman M S
_9746852
245 0 _aIntroduction to risk management and insurance
_cDorfman M S
250 _a7
260 _aNew Jersey
_bNew Jersey, Prentice Hall
_c2002
300 _axxi,580
942 _cTB
_hX:8D P2
999 _c1305704
_d1305704